Lyrics to “Marvel Bunch” (all lyrics) - Statistics

General Stats
  • This quiz has been taken 48 times
  • The average score is 83 of 113
Answer Stats
Answer % Correct
a
95%
the
95%
of
91%
who
91%
bunch
86%
god
86%
marvel
86%
thunder
86%
we
86%
forever
82%
genius
82%
playboy
82%
story
82%
to
82%
wakanda
82%
and
77%
Here’s
77%
lord
77%
star
77%
became
73%
brother
73%
doctor
73%
handsome
73%
hello
73%
in
73%
magic
73%
russian
73%
so
73%
spy
73%
then
73%
war
73%
was
73%
world
73%
all
68%
falcon
68%
form
68%
heroes
68%
punch
68%
that’s
68%
two
68%
(by)
64%
former
64%
fought
64%
more
64%
one
64%
than
64%
way
64%
were
64%
crew
59%
day
59%
(far)
59%
fight
59%
some
59%
up
59%
assembled
55%
avengers
55%
earth
55%
ever
55%
it’s
55%
much
55%
sort
55%
greatest
50%
group
50%
this
50%
walk
50%
shut
45%
villain
45%
one’s
41%
gearing
36%
labeled
32%
packed
27%
ah
23%
like
23%
No matching quizzes found
Score Distribution
Percent of People with Each Score
Percentile by Number Answered
Your Score History
You have not taken this quiz